Wo steht swaxerug? - Sudden Death - Statistiken

Allgemein
  • Dieses Quiz wurde 36 mal gespielt
  • Das Durchschnittsergebnis liegt bei 5 aus 10
Answers on the Grid
Answers color-coded by a green-red scale on the quiz's grid according to % correct below.
swaexrug
sawxegur
wasguerx
gaxsweur
gureswax
xawursge
uergsawx
geuxraws
urgawsex
sawexugr
swaxerux
saxweruk
wamaxerug
banane
swearuaxg
gureswarx
 
Antwortstatistiken
Antwort % Korrekt
swaexrug
62%
sawxegur
58%
sawexugr
50%
urgawsex
50%
wasguerx
50%
gaxsweur
46%
geuxraws
46%
xawursge
46%
gureswax
38%
uergsawx
35%
Keine übereinstimmenden Quizze gefunden
Verteilung der Resultate
Anzahl Personen mit jedem Resultat
Perzentil nach korrekt beantworteten Fragen
Ihre Resultats-Entwicklung
Sie haben dieses Quiz noch nicht gespielt